| 000 | 01405nam0a22003851 4500 | ||
|---|---|---|---|
| 001 | RU\NLR\A1\32623 | ||
| 005 | 20251203152403.2 | ||
| 035 | _a(NLR Aleph) 009682768 | ||
| 090 |
_a9708072 _c9708072 |
||
| 100 | _a19990521d1796 u y0rusy50 ca | ||
| 101 | 0 | _arus | |
| 102 | _aRU | ||
| 200 | 1 | _aСтихи на кончину его сиятельства графа Федора Григорьевича Орлова, последовавшую 1796 года маия 17 дня | |
| 210 |
_a[М. _cУнив. тип., у Ридегера и Клаудия _d1796] |
||
| 215 |
_a[2] с. _d4° |
||
| 303 | _aБез тит. л. | ||
| 304 | _aВ конце текста инициалы: М.Х. | ||
| 321 | 1 | _aСК XVIII 8026 | |
| 600 | 1 |
_aОрлов _bФ.Г. _f1741-1796 _gФедор Григорьевич |
|
| 620 | _dМосква | ||
| 700 | 1 |
_aХерасков _bМ.М. _f1733-1807 _gМихаил Матвеевич _4070 |
|
| 702 | 1 |
_aРидигер _bХ. _gХристиан _4610 |
|
| 702 | 1 |
_aКлаудий _bХ.А. _f-1805 _gХристофор Александрович _4610 |
|
| 712 | 0 | 2 |
_aМосковский университет _bТипография _4610 |
| 801 | 0 |
_aRU _bNLR _c19990521 |
|
| 899 | _aРГБ | ||
| 899 | _aБАН | ||
| 899 | _aГПИБ | ||
| 899 | _aРГБ | ||
| 899 | _aБАН | ||
| 899 | _aГПИБ | ||
| 942 | _cBOOK | ||
| 980 | _aNB | ||
| 980 | _aA1XVIIIv | ||